Fundamentos de circuitos eléctricos (Registro nro. 22194)

Detalles MARC
000 -Cabecera
Campo de control interno 01248nam a22002897a 4500
005 - Fecha y hora del registro
control field 20260407114520.0
008 - Elementos de Longitud Fija
fixed length control field 260407b |||||||| |||| 00| 0 spa d
020 ## - ISBN
ISBN 9781456260897
041 ## - Idioma
Codigo Idioma ESP
082 ## - DEWEY y NOTACIÓN INTERNA
Dewey 621.38132
Notación Interna A39 2018
100 ## - AUTOR
Autor denominación Alexander, Charles K.
Término de relación autor
245 ## - TÍTULO DE MATERIAL BIBLIOGRÁFICO
Título Fundamentos de circuitos eléctricos
250 ## - EDICIÓN
Edición Sexta edición
260 ## - CIUDAD, EDITORIAL, AÑO
Ciudad Ciudad de México :
Nombre de la Editorial McGraw-Hill/Interamericana Editores,
Año 2018
300 ## - DESCRIPCIÓN
N° Páginas xx, 786 páginas :
Otros detalles gráficos ;
Dimensiones 27 cm.
440 ## - MENCIÓN DE SERIE
Título de la Serie ;
650 ## - TEMAS
Temas Tecnología (Ciencias Aplicadas)
653 ## - DESCRIPTORES
Lenguajes no controlado Circuitos eléctricos
654 ## - PROGRAMAS
Programa Dpto. de Ingeniería Electrónica y Telecomunicaciones
700 ## - OTROS AUTORES
Otros autores Sadiku, Matthew N. O.
Termino Relacionado autor
856 ## - URL - UBICACIÓN
URI/URL: Enlace exacto del recurso <a href="https://0u213vgpn-y-https-ebooks7--24-com.itmsp.museknowledge.com/?il=20752&pg=s9ml/chapter01/portadilla.xhtml#data-uuid-fdf49e01b3c645a7a9baa3319a6708bb">https://0u213vgpn-y-https-ebooks7--24-com.itmsp.museknowledge.com/?il=20752&pg=s9ml/chapter01/portadilla.xhtml#data-uuid-fdf49e01b3c645a7a9baa3319a6708bb</a>
Nota pública: Versión digital <a href="Versión digital (2022)">Versión digital (2022)</a>
856 ## - URL - UBICACIÓN
URI/URL: Enlace exacto del recurso <a href="https://0u213vgpw-y-https-ebooks7--24-com.itmsp.museknowledge.com/biblioteca.aspx">https://0u213vgpw-y-https-ebooks7--24-com.itmsp.museknowledge.com/biblioteca.aspx</a>
Nota pública: Versión digital <a href="Véase además: Base de datos Ebook7-24">Véase además: Base de datos Ebook7-24</a>
856 ## - URL - UBICACIÓN
URI/URL: Enlace exacto del recurso <a href="https://0u206vgq0-y-https-ieeexplore-ieee-org.itmsp.museknowledge.com/Xplore/home.jsp">https://0u206vgq0-y-https-ieeexplore-ieee-org.itmsp.museknowledge.com/Xplore/home.jsp</a>
Nota pública: Versión digital <a href="Véase además: Base de datos IEEE Xplore">Véase además: Base de datos IEEE Xplore</a>
856 ## - URL - UBICACIÓN
URI/URL: Enlace exacto del recurso <a href="https://dl.acm.org/">https://dl.acm.org/</a>
Nota pública: Versión digital <a href="Véase además: Base de datos ACM Digital Library">Véase además: Base de datos ACM Digital Library</a>
942 ## - ELEMENTOS DE KOHA
Tipo de documento Libro
Nombre del creador Margarita Torres
Código de catalogador Margarita Torres
Suppress in OPAC No
Esquema de clasificación Dewey Decimal Classification
Existencias
Codigo completo Registro Colección Copia número Disponibilidad Tipo de préstamo Biblioteca Actual Procedencia (Biblioteca) Ubicacón Fecha Ingreso Tipo de Adquisición Observación Date last seen Total checkouts Price effective from Tipo de Item Estado del Material Fuente de Clasificación Damaged status Withdrawn status
621.38132 A39 2018 1069068 Universidad Católica San Pablo 1 Disponible Disponible Víctor Andrés Belaunde Víctor Andrés Belaunde Segundo piso 01/04/2026 Compra Biblioteca 01/04/2026   01/04/2026 Libro Bueno Dewey Decimal Classification